[Event "Bremen Silvester op-A"]
[Site "Bremen"]
[Date "2022.12.28"]
[Round "3"]
[White "Gebur, Thomas"]
[Black "Kahlert, Stefan"]
[Result "1/2-1/2"]
[WhiteElo "1846"]
[BlackElo "1952"]
[PlyCount "70"]
[EventDate "2022.12.27"]
[EventType "swiss"]
[EventRounds "7"]
[EventCountry "GER"]
[SourceTitle "CBM 211 Extra"]
[Source "ChessBase"]
[SourceDate "2023.01.31"]
[SourceVersion "1"]
[SourceVersionDate "2023.01.31"]
[SourceQuality "1"]

1. e4 e6 2. d3 d5 3. Nd2 Nf6 4. Ngf3 Nc6 5. g3 dxe4 6. dxe4 Bc5 7. Bg2 e5 8. 0-0 0-0 9. c3 a5 10. Qe2 b6 11. h3 Ba6 12. c4 a4 13. Rd1 Qe7 14. b3 Nh5 15. Kh2 Nf6 16. Bb2 axb3 17. Nxb3 Ba3 18. Rac1 Bxb2 19. Qxb2 Nxe4 20. Re1 f5 21. Nh4 Rad8 22. Nxf5 Rxf5 23. Bxe4 Rf6 24. Bxc6 Rxc6 25. Rxe5 Qf7 26. Rce1 Rf8 27. Kg1 Rf6 28. f4 Bxc4 29. Qd4 Bxb3 30. axb3 Qxb3 31. R1e3 Qb1+ 32. Kg2 Qc2+ 33. Re2 Qc6+ 34. Kh2 Rd6 35. Qb2 Rdf6 1/2-1/2